Music Quiz

Random Music or Artist Quiz

Artists with Billboard #1 Hits, Pt. 2 (1973-1986) Quiz Stats

 Plays Quiz not verified by Sporcle

Challenge
Share
Tweet
Embed
Score 0/194 Timer 20:00
0 Plays Today
Year Artist % Correct
1979M
95.4%
1973Elton John
93.9%
1979Robert John
92.7%
1973Carly Simon
91.1%
1984Madonna
91%
1976Paul Simon
89.6%
1977ABBA
88.9%
1981Dolly Parton
87.6%
1983The Police
87.5%
1984Wham!
87.2%
1984Prince
86.7%
1983Toto
86.5%
1982John Cougar
85.5%
1982Joan Jett and the Blackhearts
85.3%
1986The Bangles
85.1%
1981Rick Springfield
84.7%
1980Queen
84.5%
1980Pink Floyd
84.3%
1982Survivor
84.3%
1984Phil Collins
84.3%
1985Dire Straits
84.3%
1984Van Halen
84.1%
1984Tina Turner
84%
1984Cyndi Lauper
83.4%
1979Blondie
83.3%
1974Steve Miller Band
83%
1978Chic
83%
1984Culture Club
82.8%
1983Eurythmics
82.7%
1985Starship
82.5%
1985a-ha
82.3%
1982Men at Work
82.2%
1986Bon Jovi
82.2%
1980Billy Joel
81.8%
1983Bonnie Tyler
81.6%
1981Lionel Richie
81.2%
1985Tears for Fears
81.2%
1985Huey Lewis and the News
81.1%
1985Foreigner
80.8%
1986Robert Palmer
80.7%
1986Peter Gabriel
80.4%
1984Kenny Loggins
79.5%
1981Kim Carnes
79%
1983Dexys Midnight Runners
78.8%
1974Eric Clapton
78.7%
1975Barry Manilow
78.7%
1979Gloria Gaynor
78.3%
1982The J. Geils Band
78.2%
1986Genesis
78.2%
1982Toni Basil
77.7%
1985Whitney Houston
77.6%
1983Irene Cara
77.1%
1974Olivia Newton-John
76.6%
1981Kool & the Gang
76.5%
1977Thelma Houston
75.9%
1975Eagles
75.2%
1984Billy Ocean
75.2%
1974Barbra Streisand
75.1%
1978Donna Summer
74.8%
1981REO Speedwagon
74.8%
1978John Travolta
74.5%
1973Charlie Rich
74.2%
1984Yes
74.1%
1985USA for Africa
74%
1979The Knack
73.5%
Year Artist % Correct
1986Falco
73.5%
1973Gladys Knight & the Pips
73.4%
1976Chicago
73.3%
1977Daryl Hall and John Oates
72.9%
1985Simple Minds
72.8%
1986Pet Shop Boys
72.5%
1975KC and the Sunshine Band
72.4%
1978Commodores
71.8%
1986Bananarama
71.8%
1976Kiki Dee
71.4%
1984Ray Parker, Jr.
71.4%
1979Styx
71.1%
1984Duran Duran
71.1%
1973Jim Croce
71%
1980Kenny Rogers
70.6%
1986Berlin
70.6%
1982The Human League
70.5%
1978Deniece Williams
70.2%
1980Christopher Cross
69.5%
1982Joe Cocker
68.9%
1986Boston
68.7%
1986Steve Winwood
68.6%
1977Fleetwood Mac
68%
1986Janet Jackson
67.6%
1977Andy Gibb
67.1%
1986Heart
66.6%
1981Sheena Easton
66.5%
1974Terry Jacks
65.9%
1975Glen Campbell
65.4%
1975LaBelle
65.2%
1975David Bowie
65.2%
1975Captain & Tennille
64.7%
1974Barry White
64.5%
1985Bryan Adams
64%
1975The Doobie Brothers
63.6%
1974Bachman-Turner Overdrive
63.5%
1985Mr. Mister
62.8%
1977Debby Boone
62.5%
1977Manfred Mann's Earth Band
61.8%
1980Lipps Inc
61.8%
1974John Denver
61.4%
1975Linda Ronstadt
61.4%
1982Jennifer Warnes
61.1%
1982Vangelis
60.1%
1984John Waite
59.4%
1974John Lennon
57.3%
1986Simply Red
56.7%
1973Grand Funk Railroad
56.6%
1974Harry Chapin
56.6%
1981Eddie Rabbitt
56.3%
1975Earth, Wind & Fire
55.3%
1985John Parr
54.9%
1986Bruce Hornsby & the Range
54.8%
1979Peaches & Herb
54.7%
1973The O'Jays
54.5%
1986Peter Cetera
54.2%
1983Michael Sembello
54%
1981Air Supply
53.4%
1985Paul Young
53.4%
1973The Edgar Winter Group
53.1%
1976Rick Dees and His Cast of Idiots
52.9%
1976Wild Cherry
52.8%
1979Rupert Holmes
50.1%
1976Bay City Rollers
49.9%
1973Ringo Starr
49.8%
Year Artist % Correct
1985Jan Hammer
49%
1981Stars on 45
47.3%
1973Vicki Lawrence
46.9%
1976Starland Vocal Band
46.9%
1977Leo Sayer
46.6%
1974Gordon Lightfoot
45.4%
1979Amii Stewart
45.3%
1974Carl Douglas
44.9%
1986Amy Grant
43.5%
1975Van McCoy and the Soul City System
42.3%
1975The Average White Band
41.9%
1977Rose Royce
41.8%
1979Anita Ward
40.8%
1977Shaun Cassidy
40.7%
1978Player
40.7%
1975Ohio Players
40.1%
1976John Sebastian
39.6%
1973Billy Preston
38.6%
1974Dionne Warwick
38.1%
1974Paper Lace
37.5%
1976C.W. McCall
37.2%
1978Nick Gilder
35.9%
1977David Soul
35.3%
1977Billy Davis, Jr.
35.1%
1975Minnie Riperton
34.8%
1974Hues Corporation
34.5%
1978Exile
34.5%
1974Blue Swede
33%
1977Bill Conti
33%
1985Ready for the World
32.9%
1974Spinners
32.7%
1977Marilyn McCoo
32.5%
1976Johnnie Taylor
32.4%
1986Michael McDonald
32.3%
1976Bellamy Brothers
32%
1978A Taste of Honey
32%
1973Maureen McGovern
31.9%
1974Andy Kim
31.7%
1975Freddy Fender
31.6%
1978Yvonne Elliman
30.4%
1977The Emotions
30.2%
1983James Ingram
30.2%
1978Anne Murray
29.8%
1974Al Wilson
26.1%
1977Meco
26.1%
1976Walter Murphy and the Big Apple Band
26%
1973Eddie Kendricks
25.3%
1975Frankie Valli
24.8%
1978Johnny Mathis
24.3%
1976The Manhattans
24%
1983Patti Austin
23.9%
1977Alan O'Day
23.6%
1974Billy Swan
23.4%
1974Love Unlimited Orchestra
23.3%
1975Silver Convention
22.9%
1973Stories
22.8%
1974George McCrae
22.7%
1974MFSB
21.9%
1985Marilyn Martin
21.9%
1974Bo Donaldson and the Heywoods
21.7%
1976The Sylvers
20%
1975Hamilton, Joe Frank & Reynolds
19.3%
1977Mary MacGregor
18.2%
1976Rhythm Heritage
15.2%

You're not logged in!

Compare scores with friends on all Sporcle quizzes.
OR
Log In

You Might Also Like...

Show Comments

Extras

Top Quizzes Today


Score Distribution

Your Account Isn't Verified!

In order to create a playlist on Sporcle, you need to verify the email address you used during registration. Go to your Sporcle Settings to finish the process.

Report this User

Report this user for behavior that violates our Community Guidelines.

Details: